000 01103cam a22003017a 4500
003 CHAP
005 20220329140929.0
008 971013s1989 r 00010 d
010 _a59954
011 _a60926
035 _a65090
040 _cCHAP
082 _a676
_bE8
100 0 0 _aEscoto García, Teófilo.
_937572
245 0 _aApuntes sobre los procesos de obtención de celulosa y la fabricación del papel
260 _aGuadalajara, Jal. :
_bUniversidad de Guadalajara. Instituto de Madera, Celulosa y Papel,
_c1989
300 _a142 p.
_b: ilus.
590 _aBATCH-UPD
_b10
_c20130110
_lUCH01
_h0827
590 _aBATCH-UPD
_b10
_c20130410
_lUCH01
_h0505
590 _aBATCH-UPD
_b10
_c20130914
_lUCH01
_h0907
590 _aCONVERSION
_b10
_c20130109
_lUCH01
_h1332
650 1 4 _aCelulosa
_xFabricación y comercio.
_920919
650 1 4 _aPapel
_xFabricación y comercio.
_985372
901 _aBK
942 _cLIBRO
949 _a676 E8
_bBC
_cLIBRO
_d33724000084174
_eLIBRO
_gI. c/e
_h90398
_i65090
_si
_t14.00
949 _a676 E8
_bBC
_cLIBRO
_d33724000084182
_eLIBRO
_fc.2
_gI. c/e
_h90399
_i65090
_si
_t14.00
999 _c59954
_d59954